000 00554nam a22001817a 4500
005 20251108173723.0
008 250721s2008 xx 000 0 ara d
082 1 4 _a911.565/خطي
100 1 _aالخطيمي، أحمد
_eجامع
245 1 0 _aبلدانيات الأردن في كتب الرحالة والجغرافيين /
264 1 _aعمان :
_bأحمد الخطيمي،
_c2008.
300 _a2ج.
490 _vج2.
650 1 7 _aالجغرافيه التاريخيه
650 1 7 _aالاردن
942 _2ddc
_cBK
999 _c110789
_d110789